| 000 | 00942nam a2200313 i 4500 | ||
|---|---|---|---|
| 999 |
_c200430149 _d48075 |
||
| 001 | 200430149 | ||
| 003 | TR-AnTOB | ||
| 005 | 20190408222015.0 | ||
| 007 | ta | ||
| 008 | 180706t2017 tu 000 0 tur d | ||
| 020 | _a9786056492686 | ||
| 040 |
_aTR-AnTOB _beng _erda _cTR-AnTOB |
||
| 041 | 0 | _atur | |
| 050 | 0 | _aDR603 | |
| 090 |
_aDR603 _b.B55 2017 |
||
| 100 | 1 |
_aBilgen, Ayhan, _d1971- _eauthor _9120673 |
|
| 245 | 1 | 0 |
_aGereği düşünüldü : _bAçık mektup / _cAyhan Bilgen. |
| 250 | _a1. baskı | ||
| 264 | 1 |
_aİstanbul : _bVivo Yayınevi, _c2017. |
|
| 300 |
_a88 pages ; _c21 |
||
| 336 |
_atext _btxt _2rdacontent |
||
| 337 |
_aunmediated _bn _2rdamedia |
||
| 338 |
_avolume _bnc _2rdacarrier |
||
| 590 | _aDonated by Tobb Başkanlık | ||
| 600 | 1 | 0 |
_aBilgen, Ayhan, _d1971- _9120673 |
| 651 | 7 |
_aTürkiye _xSiyaset ve yönetim _y21. yüzyıl _2etuturkob _990146 |
|
| 942 |
_2lcc _cBK |
||